ՀՀ Գիտությունների ազգային ակադեմիայի հիմնարար գիտական գրադարան  =   Fundamental Scientific Library of NAS RA

Ցոլքեր / (Record no. 99717)

MARC details
000 -LEADER
fixed length control field 00804nam a2200205 a 4500
001 - CONTROL NUMBER
control field 000274257
003 - CONTROL NUMBER IDENTIFIER
control field AM-YeHGA
005 - DATE AND TIME OF LATEST TRANSACTION
control field 20250825140920.0
008 - FIXED-LENGTH DATA ELEMENTS--GENERAL INFORMATION
fixed length control field 031021s1902 tu r 000 0 arm d
040 ## - CATALOGING SOURCE
Original cataloging agency AM-YeHGA
041 0# - LANGUAGE CODE
Language code of text/sound track or separate title arm
090 ## - LOCALLY ASSIGNED LC-TYPE CALL NUMBER (OCLC); LOCAL CALL NUMBER (RLIN)
-- 101030
100 0# - MAIN ENTRY--PERSONAL NAME
Personal name Սիպիլ,
Dates associated with a name 1863-1934
245 10 - TITLE STATEMENT
Title Ցոլքեր /
Statement of responsibility, etc. Զապէլ Հ. Ասատուր (Սիպիլ).
260 ## - PUBLICATION, DISTRIBUTION, ETC.
Place of publication, distribution, etc. Կ. Պոլիս :
Name of publisher, distributor, etc. Նշան Պապիկեան գրատուն,
Date of publication, distribution, etc. 1902.
300 ## - PHYSICAL DESCRIPTION
Extent 94 էջ ;
Dimensions 17 սմ.
501 ## - WITH NOTE
With note Ալիգ. 2. Կազմված է՝ Աւ. Իսահակեան՝ Երգեր ու վէրքեր.- Թիֆլիս, 1908; Լէյլի-Մէջրում.- Մարզուան, 1911; Լ. Էսաճանեան՝ Փանդիռ.- Կ. Պոլիս, 1911
650 14 - SUBJECT ADDED ENTRY--TOPICAL TERM
Topical term or geographic name entry element Հայ գրականություն
General subdivision Պոեզիա
942 00 - ADDED ENTRY ELEMENTS (KOHA)
Koha issues (borrowed), all copies 1
Holdings
Withdrawn status Lost status Damaged status Not for loan Collection Home library Current library Date acquired Total checkouts Full call number Barcode Date last seen Price effective from Koha item type Public note Total renewals Date last checked out Source of classification or shelving scheme
        General Fundamental Scientific Library Fundamental Scientific Library 22/12/2016   AII/29699 220029699 22/12/2016 22/12/2016 Գրքեր / Books 30 Days Loan      
        General Fundamental Scientific Library Fundamental Scientific Library 22/12/2016 1 AII/29702 220029702 26/08/2025 22/12/2016 Գրքեր / Books 30 Days Loan 4 25/08/2025  
        Levonyan Individual Collection Fundamental Scientific Library Fundamental Scientific Library 22/12/2016   Լեվ/1623 FL0406068 22/12/2016 22/12/2016 Գրքեր / Books ILL Non-Circ.     Universal Decimal Classification
        Kusikian Individual Collection Fundamental Scientific Library Fundamental Scientific Library 07/05/2021   Կուս/2787 FL0639000 07/05/2021 07/05/2021 Գրքեր / Books ILL Non Circ.     Universal Decimal Classification


ՀՀ ԳԱԱ հիմնարար գիտական գրադարան
ՀՀ,Երևան 0019
Մարշալ Բաղրամյան 24/6
հեռախոս:(374-10) 52-47-50
Հետադարձ կապ

All site content, except where otherwise noted, is licensed under a
Creative Commons License